000 00544nab a2200217 a 4500
005 20210219161902.0
008 991125s1985 mx 000 0 spa u
035 _aUPN01000193769
100 1 _aLapierre, Nicole
222 _aARGUMENTOS :
222 _bESTUDIOS CRITICOS DE LA SOCIEDAD
245 _aLa circulación de los avatares
260 _aMéxico
300 _a29-35
362 0 _a2012 No. 68, ene.-abr.
653 0 _aINTERNET
653 0 _aAVATAR
653 0 _aINFORMATICA
653 0 _aCIBERCULTURA
905 _aArticulo
999 _c165870
_d165870